01201nam a2200277 i 4500001000700000003000900007005001700016008004100033020001800074080003500092080002100127100002900148245014300177246006600320260003600386300008100422534006600503594004500569597002600614599005400640600002900694700003600723852002200759999001900781952012300800187100ES-MaACL20230906222821.0170417r19861914gw acf |||| |dger d a3-925387-13-7 a821.112.2 Tucholsky, Kurt 1.07 a821.112.2-32"19"1 aTucholsky, Kurt.911162514aDer zeitsparer / cgrotesken von Ignaz Wrobel b. Der studentenulk : eine beigabe zu Ignaz Wrobel, Der zeitsparer / Annemarie Stoltenberg.10aStudentenulk b: eine beigabe zu Ignaz Wrobel, Der zeitsparer aHamburg : bGalgenberg, c1986. a23 p. ; c23 cm + e1 folleto (a16 p. : bil., retr.) + 1 h. de lám. col. pReprod. facs. de la ed. de: cBerlin : Reuss & Pollack, 1914. aIgnaz Wrobel es seud. de Kurt Tucholsky. aGuardados en estuche. aLa h. de lám. reprod. la il. de cub. y estuche.14aTucholsky, Kurt.91116251 aStoltenberg, Annemarie.9162383 aES-MaACLjL-31419 c187100d187100 00104070aATENEOMbATENEOMcDEPO2d2017-04-17eDONl0oL-31419p1197388r2023-02-23 00:00:00w2023-02-23yMONOGRAFIA